Largest Cities in the Largest Subdivisions - Statistics

General Stats
  • This quiz has been taken 16 times
  • The average score is 15 of 25
Answer Stats
Subdivision Largest City % Correct
Maharashtra, India Mumbai
100%
Guangdong, China Guangzhou | Shenzhen
94%
England, United Kingdom London
94%
Sichuan, China Chengdu
88%
Sindh, Pakistan Karachi
88%
West Bengal, India Kolkata
88%
West Java, Indonesia Bandung | Bekasi
81%
Karnataka, India Bengaluru
81%
Punjab, Pakistan Lahore
81%
Gujarat, India Ahmedabad
75%
Tamil Nadu, India Chennai
75%
Hubei, China Wuhan
75%
Rajasthan, India Jaipur
69%
Uttar Pradesh, India Lucknow
69%
Henan, China Zhengzhou
56%
Bihar, India Patna
50%
Madhya Pradesh, India Indore
44%
Hunan, China Changsha
38%
Zhejiang, China Hangzhou
38%
Anhui, China Hefei
38%
Guangxi, China Nanning
38%
Jiangsu, China Suzhou
38%
Andhra Pradesh, India Visakhapatnam | Amaravati
25%
Shandong, China Linyi
19%
Hebei, China Baoding
6%
No matching quizzes found
Score Distribution
Percent of People with Each Score
Percentile by Number Answered
Your Score History
You have not taken this quiz